[Event "Titled Tuesday intern op 12th Mar Early"]
[Site "Chess.com INT"]
[Date "2024.03.12"]
[Round "11"]
[White "Arngrimsson, Dagur"]
[Black "Gavrilov, Maxim"]
[Result "1-0"]
[WhiteElo "2366"]
[BlackElo "2167"]
[PlyCount "79"]
[EventDate "2024.03.12"]
[EventType "swiss (blitz)"]
[EventRounds "11"]
[EventCountry "USA"]
[SourceTitle "CB12_2024"]
[SourceDate "2023.10.01"]
[SourceVersion "1"]
[SourceVersionDate "2023.10.01"]
[SourceQuality "1"]

1. e4 c5 2. Nf3 d6 3. d4 cxd4 4. Nxd4 Nf6 5. Nc3 a6 6. Bg5 e6 7. Qd2 Be7 8. 0-0-0 b5 9. a3 Bb7 10. Bd3 Nbd7 11. f4 Rc8 12. Kb1 Nb6 13. e5 Nfd5 14. Nxd5 Bxd5 15. Bxe7 Qxe7 16. Qa5 dxe5 17. Nxb5 0-0 18. Qxb6 axb5 19. fxe5 Rb8 20. Qd6 Qxd6 21. exd6 Rfd8 22. Rhe1 Rb6 23. Be4 Rbxd6 24. Bxd5 Rxd5 25. Rxd5 Rxd5 26. c4 bxc4 27. Rc1 g5 28. Rxc4 Rd2 29. Rc2 Rd1+ 30. Ka2 f5 31. b4 e5 32. b5 Rd6 33. a4 e4 34. Rb2 e3 35. b6 Rd2 36. b7 Rxb2+ 37. Kxb2 e2 38. b8Q+ Kg7 39. Qe5+ Kg8 40. Qxe2 1-0

[Event "Titled Tuesday intern op 7th Mar Late"]
[Site "Chess.com INT"]
[Date "2023.03.07"]
[Round "2"]
[White "Arngrimsson, Dagur"]
[Black "Svane, Frederik"]
[Result "0-1"]
[WhiteElo "2370"]
[BlackElo "2577"]
[PlyCount "96"]
[EventDate "2023.03.07"]
[EventType "swiss (blitz)"]
[EventRounds "11"]
[EventCountry "USA"]
[SourceTitle "EXT 2024"]
[Source "ChessBase"]
[SourceDate "2023.10.10"]
[SourceVersion "1"]
[SourceVersionDate "2023.10.10"]
[SourceQuality "1"]

1. e4 c6 2. d4 d5 3. Nc3 dxe4 4. Nxe4 Nd7 5. Nf3 Ngf6 6. Nxf6+ Nxf6 7. h3 Bf5 8. Bd3 e6 9. Bg5 Be7 10. Qe2 h6 11. Bxf6 Bxf6 12. Bxf5 Qa5+ 13. c3 Qxf5 14. 0-0 0-0 15. Rfe1 Rfd8 16. Qe4 Qd5 17. Ne5 c5 18. dxc5 Qxc5 19. Ng4 Be7 20. Qxb7 Rab8 21. Qa6 Rxb2 22. Rad1 Rxd1 23. Rxd1 h5 24. Ne3 Bh4 25. g3 Bg5 26. Qc4 Bxe3 27. Rd8+ Kh7 28. Qe4+ g6 29. Qxe3 Qxe3 30. fxe3 Rxa2 31. c4 Kg7 32. c5 Kf6 33. c6 Rc2 34. Ra8 Rxc6 35. Rxa7 Rc2 36. Rd7 Re2 37. Rd3 g5 38. Kf1 Rh2 39. Kg1 Rxh3 40. Kg2 g4 41. Rd4 Ke5 42. Rf4 f5 43. Ra4 h4 44. Ra5+ Kf6 45. gxh4 Rxe3 46. Ra8 Rh3 47. Rf8+ Ke5 48. Re8 Rxh4 0-1

[Event "Titled Tuesday intern op 10th Jan Early"]
[Site "Chess.com INT"]
[Date "2023.01.10"]
[Round "4"]
[White "Arngrimsson, Dagur"]
[Black "Urazayev, Arystanbek"]
[Result "0-1"]
[WhiteElo "2382"]
[BlackElo "2460"]
[PlyCount "82"]
[EventDate "2023.01.10"]
[EventType "swiss (blitz)"]
[EventRounds "11"]
[EventCountry "USA"]
[SourceTitle "EXT 2024"]
[Source "ChessBase"]
[SourceDate "2023.10.10"]
[SourceVersion "1"]
[SourceVersionDate "2023.10.10"]
[SourceQuality "1"]

1. e4 e6 2. b3 d5 3. Bb2 Nf6 4. Nc3 c5 5. exd5 exd5 6. Bb5+ Bd7 7. Qe2+ Be7 8. Nf3 0-0 9. Bxd7 Nbxd7 10. 0-0 Re8 11. d4 Bd6 12. Qd3 Rc8 13. Rfe1 Rxe1+ 14. Rxe1 c4 15. Qf5 Bb4 16. Re3 Bxc3 17. Bxc3 g6 18. Qg5 Nf8 19. bxc4 Ne6 20. Qh4 Rxc4 21. Ne5 Rc8 22. h3 Ne4 23. Qxd8+ Nxd8 24. Bb4 Rxc2 25. f3 Ng3 26. Nd7 Ne6 27. Nf6+ Kg7 28. Nxd5 Rxa2 29. Bd6 Nf5 30. Be5+ f6 31. Bxf6+ Kf7 32. Rb3 b6 33. Be5 Nexd4 34. Rd3 Ne2+ 35. Kh2 h5 36. Bb8 h4 37. Ne3 Nfg3 38. Rd7+ Ke6 39. Rxa7 Rb2 40. Bxg3 hxg3+ 41. Kh1 Rb1+ 0-1

[Event "Titled Tuesday intern op 22nd Nov Late"]
[Site "Chess.com INT"]
[Date "2022.11.22"]
[Round "8"]
[White "Arngrimsson, Dagur"]
[Black "Curtis, John"]
[Result "1-0"]
[WhiteElo "2382"]
[BlackElo "2292"]
[PlyCount "69"]
[EventDate "2022.11.22"]
[EventType "swiss (blitz)"]
[EventRounds "11"]
[EventCountry "USA"]
[SourceTitle "CBM 211 Extra"]
[Source "ChessBase"]
[SourceDate "2023.01.31"]
[SourceVersion "1"]
[SourceVersionDate "2023.01.31"]
[SourceQuality "1"]

1. e4 e6 2. b3 d5 3. Bb2 dxe4 4. Nc3 Nf6 5. Qe2 Nc6 6. Nxe4 Nd4 7. Qd3 Nxe4 8. Qxe4 c5 9. Nf3 Nxf3+ 10. Qxf3 Bd7 11. Qxb7 Rb8 12. Qxa7 Bc6 13. Qa6 Qc7 14. 0-0-0 Ra8 15. Be5 Bd6 16. Bxd6 Qxd6 17. Qb6 0-0 18. Bb5 Qe5 19. d4 Qf4+ 20. Kb1 Bxg2 21. Rhg1 Bf3 22. Rd3 c4 23. Bxc4 Qxh2 24. Rxg7+ Kxg7 25. Qc5 Qg1+ 26. Kb2 Qxf2 27. Qg5+ Kh8 28. Qf6+ Kg8 29. Rxf3 Qe1 30. Bd3 Ra5 31. Bxh7+ Kxh7 32. Rh3+ Qh4 33. Rxh4+ Rh5 34. Rxh5+ Kg8 35. Rh8# 1-0

[Event "Titled Tuesday intern op 12th Jul Late"]
[Site "Chess.com INT"]
[Date "2022.07.12"]
[Round "3"]
[White "Arngrimsson, Dagur"]
[Black "Hansen, Eric"]
[Result "0-1"]
[WhiteElo "2377"]
[BlackElo "2606"]
[PlyCount "71"]
[EventDate "2022.07.12"]
[EventType "swiss (blitz)"]
[EventRounds "11"]
[EventCountry "USA"]
[SourceTitle "EXT 2023"]
[Source "ChessBase"]
[SourceDate "2022.10.05"]
[SourceVersion "1"]
[SourceVersionDate "2022.10.05"]
[SourceQuality "1"]

1. d4 Nf6 2. c4 e6 3. Nf3 c5 4. d5 exd5 5. cxd5 d6 6. g3 g6 7. Bg2 Bg7 8. 0-0 0-0 9. Nc3 Re8 10. Bf4 a6 11. a4 Nh5 12. Bg5 Qb6 13. Ra2 h6 14. Bc1 Nd7 15. Nd2 Ne5 16. a5 Qc7 17. h3 f5 18. Kh2 Bd7 19. f4 Nf7 20. e4 Nf6 21. Qc2 h5 22. Nc4 fxe4 23. Nb6 Bf5 24. Nxa8 Rxa8 25. Be3 Re8 26. Re1 Nh6 27. Bf1 Kh7 28. Qd2 Qf7 29. Rd1 h4 30. g4 Bxg4 31. hxg4 Nfxg4+ 32. Kg1 Nf5 33. Re1 Nfxe3 34. Bh3 Qxf4 35. Qe2 Qg3+ 36. Bg2 0-1

[Event "Titled Tuesday intern op 12th Jul Late"]
[Site "Chess.com INT"]
[Date "2022.07.12"]
[Round "6"]
[White "Gallana, Marco"]
[Black "Arngrimsson, Dagur"]
[Result "0-1"]
[WhiteElo "2274"]
[BlackElo "2377"]
[PlyCount "74"]
[EventDate "2022.07.12"]
[EventType "swiss (blitz)"]
[EventRounds "11"]
[EventCountry "USA"]
[SourceTitle "EXT 2023"]
[Source "ChessBase"]
[SourceDate "2022.10.05"]
[SourceVersion "1"]
[SourceVersionDate "2022.10.05"]
[SourceQuality "1"]

1. d4 d5 2. c4 c6 3. cxd5 cxd5 4. Nc3 Nf6 5. Bf4 a6 6. e3 Nc6 7. Be2 Bf5 8. Nf3 h6 9. h3 Rc8 10. 0-0 g5 11. Bg3 Bg7 12. Qb3 Na5 13. Qa4+ b5 14. Nxb5 axb5 15. Bxb5+ Kf8 16. Rac1 Nc4 17. b3 Nd6 18. Rxc8 Qxc8 19. Bxd6 exd6 20. Ba6 Qc7 21. Qa3 Kg8 22. Rc1 Qb8 23. b4 Kh7 24. b5 Bc8 25. Qd3+ Ne4 26. Nd2 f5 27. f3 Bxa6 28. bxa6 Qb2 29. Rc2 Qa1+ 30. Nf1 Ng3 31. Kf2 Qxf1+ 32. Qxf1 Nxf1 33. Kxf1 f4 34. Ke2 Re8 35. a7 Rxe3+ 36. Kf2 Ra3 37. Rc7 Kg6 0-1

[Event "Titled Tuesday intern op 12th Jul Late"]
[Site "Chess.com INT"]
[Date "2022.07.12"]
[Round "11"]
[White "Melikyan, Gnel"]
[Black "Arngrimsson, Dagur"]
[Result "1/2-1/2"]
[WhiteElo "2140"]
[BlackElo "2377"]
[PlyCount "108"]
[EventDate "2022.07.12"]
[EventType "swiss (blitz)"]
[EventRounds "11"]
[EventCountry "USA"]
[SourceTitle "EXT 2023"]
[Source "ChessBase"]
[SourceDate "2022.10.05"]
[SourceVersion "1"]
[SourceVersionDate "2022.10.05"]
[SourceQuality "1"]

1. e4 e5 2. Nf3 Nc6 3. d4 exd4 4. Nxd4 Nf6 5. Nxc6 bxc6 6. e5 Qe7 7. Qe2 Nd5 8. c4 Nb6 9. Nc3 d6 10. exd6 cxd6 11. Qxe7+ Bxe7 12. b3 0-0 13. Bd3 Bf6 14. Bb2 d5 15. cxd5 Nxd5 16. Nxd5 Re8+ 17. Kd2 Bxb2 18. Rae1 Bd7 19. Nc7 Rxe1 20. Rxe1 Rd8 21. Kc2 Bd4 22. f3 Bb6 23. Na6 c5 24. Rd1 Bc8 25. Nb8 g6 26. Nc6 Re8 27. Be4 Bb7 28. Rd6 Kg7 29. g4 h6 30. h4 Bxc6 31. Rxc6 Rd8 32. Bd3 Re8 33. Be4 Rd8 34. a3 Kf8 35. h5 gxh5 36. Rxh6 hxg4 37. Rh8+ Ke7 38. Rxd8 Kxd8 39. fxg4 Ke7 40. Kd3 Kd6 41. Kc4 Bd8 42. Bd5 f6 43. Be4 Be7 44. Bf5 Kc7 45. Kb5 c4 46. b4 c3 47. Kc4 a5 48. Kxc3 axb4+ 49. axb4 Kb6 50. Kc4 Bf8 51. b5 Bd6 52. Bd3 Bf4 53. Kd5 Bg5 54. Ke6 Kc7 1/2-1/2

[Event "Titled Tuesday intern op 12th Jul Late"]
[Site "Chess.com INT"]
[Date "2022.07.12"]
[Round "4"]
[White "Walentukiewicz, Michal"]
[Black "Arngrimsson, Dagur"]
[Result "0-1"]
[WhiteElo "2097"]
[BlackElo "2377"]
[PlyCount "56"]
[EventDate "2022.07.12"]
[EventType "swiss (blitz)"]
[EventRounds "11"]
[EventCountry "USA"]
[SourceTitle "EXT 2023"]
[Source "ChessBase"]
[SourceDate "2022.10.05"]
[SourceVersion "1"]
[SourceVersionDate "2022.10.05"]
[SourceQuality "1"]

1. e4 e5 2. Nf3 Nc6 3. Bb5 a6 4. Ba4 Nf6 5. Nc3 b5 6. Bb3 Be7 7. d3 0-0 8. 0-0 d6 9. h3 Na5 10. Nd5 Nxb3 11. Nxe7+ Qxe7 12. axb3 Nh5 13. Re1 Bb7 14. Be3 Rae8 15. Qd2 f5 16. Bg5 Qf7 17. Qe2 f4 18. Bh4 h6 19. Rad1 g5 20. Bxg5 hxg5 21. Nxg5 Qg6 22. Qg4 Bc8 23. Qh4 f3 24. g4 Nf4 25. Re3 Re7 26. Rxf3 Rg7 27. Rxf4 Rxf4 28. Ne6 Bxe6 0-1

[Event "Titled Tuesday intern op 15th Feb Early"]
[Site "Chess.com INT"]
[Date "2022.02.15"]
[Round "10"]
[White "Kalajzic, Ivan"]
[Black "Arngrimsson, Dagur"]
[Result "0-1"]
[WhiteElo "2108"]
[BlackElo "2377"]
[PlyCount "100"]
[EventDate "2022.02.15"]
[EventType "swiss (blitz)"]
[EventRounds "11"]
[EventCountry "USA"]
[SourceTitle "CBM 206 Extra"]
[Source "ChessBase"]
[SourceDate "2022.03.31"]
[SourceVersion "1"]
[SourceVersionDate "2022.03.31"]
[SourceQuality "1"]

1. b3 Nf6 2. Bb2 g6 3. Bxf6 exf6 4. c4 Bg7 5. Nc3 0-0 6. g3 b6 7. Bg2 Nc6 8. e3 Bb7 9. Nge2 Qc8 10. 0-0 Ne5 11. d4 Bxg2 12. Kxg2 Qb7+ 13. f3 Ng4 14. Qd3 Rfe8 15. e4 Nh6 16. Rad1 f5 17. e5 d6 18. exd6 cxd6 19. Nd5 Kh8 20. Nef4 Ng8 21. Rfe1 Nf6 22. Nxf6 Bxf6 23. Nd5 Kg7 24. Nxf6 Kxf6 25. d5 Kg7 26. Qd4+ f6 27. h4 Re7 28. h5 Rae8 29. h6+ Kxh6 30. Rh1+ Kg7 31. Rdf1 Re2+ 32. Rf2 Qe7 33. Rhf1 Qe5 34. Qh4 Qb2 35. g4 fxg4 36. Qxg4 R8e7 37. f4 Qxa2 38. f5 Rxf2+ 39. Rxf2 Qxb3 40. fxg6 hxg6 41. Qf4 Rf7 42. Qxd6 Qxc4 43. Qe6 Qc7 44. d6 Qd7 45. Qd5 Qg4+ 46. Kf1 Qh3+ 47. Ke2 Rd7 48. Rf3 Qh2+ 49. Kf1 Qxd6 50. Qa8 Qd5 0-1